Statistics for 2021年南非洲百万人口城市

Click here to take the quiz!

General Stats

  • This quiz has been taken 72 times
  • The average score is 11 of 23

Answers on the Map

Answers color-coded by a green-red scale on the quiz's map according to % correct below.
 

Answer Stats

人口(万)城市% Correct
430.0开普敦
94%
1,420.0约翰内斯堡 / 比勒陀利亚
92%
1,390.0金沙萨
82%
235.0布拉柴维尔
72%
610.0内罗毕
70%
645.0达累斯萨拉姆
63%
845.0罗安达
59%
275.0塔那那利佛
54%
207.5哈拉雷
52%
347.5德班
48%
125.0蒙巴萨
46%
138.0伊丽莎白港
44%
367.5坎帕拉
44%
280.0卢萨卡
44%
235.0马普托
44%
109.0利隆圭
39%
123.0基加利
35%
122.0黑角
31%
245.0卢本巴希
21%
128.0本格拉
17%
115.0基桑加尼
15%
121.0卡南加
13%
217.5姆布吉马伊
13%

Score Distribution

Percentile by Number Answered

Percent of People with Each Score

Your Score History

You have not taken this quiz